A bolgár nagykövet látogatása megyénkben Magyar-bolgár baráti kör alakult Szegeden

Elmentve itt :
Bibliográfiai részletek
Dokumentumtípus: Cikk
Megjelent: 1988-05-06
Sorozat:Délmagyarország 78 No. 107
Kulcsszavak:külföldi politikusok látogatásai
Online Access:http://dmarchiv.bibl.u-szeged.hu/112710
LEADER 00487nab a2200145 i 4500
001 delm112710
005 20190926143557.0
008 190926s1988 hu o 0|| hun d
040 |a SZTE Délmagyarország Archívum  |b hun 
041 |a hun 
245 0 2 |a A bolgár nagykövet látogatása megyénkben   |h [elektronikus dokumentum] :  |b Magyar-bolgár baráti kör alakult Szegeden 
260 |c 1988-05-06 
300 |a 5 
490 0 |a Délmagyarország  |v 78 No. 107 
695 |a külföldi politikusok látogatásai